Normal view
MARC view
- Laplace Transforms
Entry Topical Term
001 - CONTROL NUMBER
- control field: 103506
003 - CONTROL NUMBER IDENTIFIER
- control field: NUST
005 - DATE AND TIME OF LATEST TRANSACTION
- control field: 20221124133806.0
008 - FIXED-LENGTH DATA ELEMENTS
- fixed length control field: 221124|| aca||aabn | a|a d
040 ## - CATALOGING SOURCE
- Original cataloging agency: NUST
- Transcribing agency: NUST
150 ## - HEADING--TOPICAL TERM
- Topical term or geographic name entry element: Laplace Transforms
670 ## - SOURCE DATA FOUND
- Source citation: Work cat.: (NUST)181996: Murray R Spiegel 1183, Theory and Problems of Laplace Transforms, 1965
